[Event "17th Asia-ch (w)"]
[Site "Manila PHI"]
[Date "2013.05.25"]
[Round "8.15"]
[White "Fronda, Jan Jodilyn"]
[Black "Qiu Mengjie"]
[Result "1-0"]
[WhiteElo "2028"]
[BlackElo "2122"]
[EventDate "2013.05.18"]
[PlyCount "89"]

1.e4 e5 2.Nf3 Nc6 3.Bb5 Nf6 4.Qe2 Bc5 5.c3 Qe7 6.d3 O-O 7.O-O d6 8.Rd1 a6 
9.Ba4 Ba7 10.Be3 Nd8 11.Nbd2 Ne6 12.Nf1 Nf4 13.Qd2 N6h5 14.Bxa7 Rxa7 15.
Ne3 Qf6 16.Ne1 Qg6 17.f3 Ra8 18.Bb3 Kh8 19.Kh1 Qh6 20.Qf2 g6 21.d4 f6 22.
Rd2 Bd7 23.Rad1 Rae8 24.Qh4 g5 25.Qf2 f5 26.exf5 exd4 27.Rxd4 Ne2 28.g4 
Nhg3+ 29.Kg2 Nf4+ 30.Rxf4 gxf4 31.hxg3 fxg3 32.Kxg3 Qxe3 33.Qxe3 Rxe3 34.
Ng2 Re2 35.Nf4 Rxb2 36.Rh1 Bxf5 37.gxf5 Rxf5 38.Kg4 Rb5 39.Be6 Kg7 40.Bf5 
Rxa2 41.Rxh7+ Kg8 42.Rxc7 Rh2 43.Be6+ Kf8 44.Ng6+ Ke8 45.Rc8# 1-0

[Event "17th Asia-ch (w)"]
[Site "Manila PHI"]
[Date "2013.05.25"]
[Round "8.16"]
[White "Jelsen Yemi"]
[Black "Hoang Thi Bao Tram"]
[Result "1/2-1/2"]
[WhiteElo "1997"]
[BlackElo "2310"]
[EventDate "2013.05.18"]
[PlyCount "64"]

1.d4 d5 2.c4 c6 3.Nc3 Nf6 4.Nf3 g6 5.cxd5 cxd5 6.Bf4 Bg7 7.e3 Nc6 8.Nb5 
O-O 9.Nc7 Rb8 10.Nb5 Ra8 11.Nc7 e5 12.Bxe5 Nxe5 13.dxe5 Qxc7 14.exf6 Bxf6 
15.Qd2 Qb6 16.Nd4 Re8 17.Be2 Bxd4 18.Qxd4 Qxd4 19.exd4 Bg4 20.f3 Rac8 21.
Kd2 Bd7 22.Rac1 Kg7 23.Bd3 Kf6 24.Rhe1 Rxe1 25.Rxe1 Be6 26.g4 h6 27.h4 Rh8
28.Rc1 Rc8 29.Rh1 Rh8 30.Rc1 Rc8 31.Rh1 Rh8 32.Rc1 Bc8 1/2-1/2

[Event "17th Asia-ch (w)"]
[Site "Manila PHI"]
[Date "2013.05.25"]
[Round "8.17"]
[White "Xu Huahua"]
[Black "Galas, Bernadette"]
[Result "1-0"]
[WhiteElo "2135"]
[BlackElo "2045"]
[EventDate "2013.05.18"]
[PlyCount "119"]

1.e4 c5 2.Nf3 Nc6 3.Bb5 Nf6 4.Nc3 a6 5.Bxc6 dxc6 6.d3 Bg4 7.h3 Bh5 8.Be3 
e6 9.Qe2 Bxf3 10.gxf3 Qc7 11.f4 O-O-O 12.f3 Qa5 13.Rg1 h6 14.Bd2 Qc7 15.a4
Nh5 16.Qe3 Be7 17.O-O-O b5 18.e5 Rd4 19.Ne2 Rxa4 20.Kb1 c4 21.Nc3 Ra5 22.
Ne4 Ra4 23.dxc4 bxc4 24.Bc3 Kb8 25.Nd6 Rf8 26.Rd2 Ra5 27.Bxa5 Qxa5 28.Rgd1
Ka8 29.Qe4 Qc5 30.Rd4 Ng3 31.Qe1 Nf5 32.Rxc4 Qb6 33.Nxf5 exf5 34.Qc3 c5 
35.Rd7 Re8 36.Qd3 Rb8 37.b3 Rb7 38.Qxf5 Qe6 39.Qxe6 fxe6 40.Rxb7 Kxb7 41.
Ra4 Kb6 42.Kb2 a5 43.Kc3 Kb5 44.Ra1 g5 45.fxg5 Bxg5 46.Kd3 Bf4 47.Ke4 Bd2 
48.Ra4 Bb4 49.c4+ Kc6 50.f4 Kd7 51.f5 exf5+ 52.Kxf5 Ke7 53.Ra2 Bc3 54.h4 
h5 55.Rg2 Be1 56.Rg7+ Kf8 57.Rh7 Bxh4 58.Rxh5 Be1 59.Ke6 Bc3 60.Kd7 1-0

[Event "17th Asia-ch (w)"]
[Site "Manila PHI"]
[Date "2013.05.25"]
[Round "8.18"]
[White "Romero, Gladys Hazelle"]
[Black "Uuganbayar, Lkhamsuren"]
[Result "0-1"]
[WhiteElo "1927"]
[BlackElo "2137"]
[EventDate "2013.05.18"]
[PlyCount "128"]

1.d4 Nf6 2.c4 e6 3.Nc3 Bb4 4.Qc2 d5 5.cxd5 exd5 6.Bg5 O-O 7.e3 c5 8.dxc5 
Nbd7 9.Bd3 h6 10.Bxf6 Qxf6 11.Ne2 Nxc5 12.O-O Be6 13.Rad1 Rac8 14.Qb1 Rfd8
15.Nb5 Nxd3 16.Qxd3 d4 17.Nbxd4 Bc4 18.Qb1 Qa6 19.a3 Bxe2 20.Nxe2 Qxe2 21.
axb4 Rxd1 22.Qxd1 Qxd1 23.Rxd1 Rc4 24.Kf1 Rxb4 25.Rd2 Kf8 26.Ke2 Ke7 27.
Kd3 b5 28.Kc3 Rc4+ 29.Kb3 a5 30.Ka2 Ke6 31.b3 Rc1 32.h4 g5 33.hxg5 hxg5 
34.Kb2 Rg1 35.g3 b4 36.Kc2 f5 37.Kd3 Rc1 38.Kd4 g4 39.Ra2 Rd1+ 40.Kc4 Rd5 
41.Re2 Ke5 42.Rc2 Kd6 43.Re2 Kc6 44.e4 Re5 45.Ra2 Rxe4+ 46.Kd3 Kb5 47.Rc2 
Re6 48.Rc8 Rd6+ 49.Ke3 Rd5 50.Ra8 Kb6 51.Rf8 Kc7 52.Rf7+ Kc6 53.Rf6+ Kd7 
54.Ra6 Kc7 55.Rf6 a4 56.Rf7+ Kb6 57.bxa4 b3 58.Rf8 Ka5 59.Ra8+ Kb4 60.a5 
b2 61.a6 b1=Q 62.Rb8+ Rb5 63.a7 Qe4+ 64.Kd2 Qd4+ 0-1

[Event "17th Asia-ch (w)"]
[Site "Manila PHI"]
[Date "2013.05.25"]
[Round "8.19"]
[White "Docena, Jedara"]
[Black "Mendoza, Shania Mae"]
[Result "1-0"]
[WhiteElo "2019"]
[BlackElo "1847"]
[EventDate "2013.05.18"]
[PlyCount "120"]

1.e4 d5 2.exd5 Qxd5 3.Nc3 Qd6 4.d4 c6 5.Bc4 Nf6 6.Nge2 Bf5 7.Bf4 Qd8 8.Qd2
e6 9.Ng3 Bg6 10.h4 h6 11.h5 Bh7 12.O-O-O Bb4 13.a3 Bxc3 14.Qxc3 Nd5 15.Qf3
Nd7 16.Bd2 N7b6 17.Bd3 Bxd3 18.Qxd3 Nf6 19.Ne2 Qd5 20.Nc3 Qd6 21.Rh4 Nbd5 
22.Nxd5 cxd5 23.Bf4 Qe7 24.Qg3 Rg8 25.f3 Rc8 26.Rd3 b6 27.Rh1 Rc4 28.Kb1 
Rc6 29.Qe1 Kd7 30.g4 Rgc8 31.Rh2 Ne8 32.Qe3 Nd6 33.Bxd6 Qxd6 34.f4 Rg8 35.
Qf3 Rf8 36.Re2 Rcc8 37.Rde3 Rce8 38.f5 Qe7 39.Re5 Qf6 40.Qd3 Kc7 41.c4 Rd8
42.fxe6 fxe6 43.Rxe6 Qf1+ 44.Ka2 Rf3 45.Qc2 Kb8 46.cxd5 Rf7 47.Re8 Qf6 48.
R2e6 Qg5 49.Qc6 Rc7 50.Rxd8+ Qxd8 51.Re8 Rxc6 52.Rxd8+ Rc8 53.Rxc8+ Kxc8 
54.Kb3 Kd7 55.Kc3 a6 56.Kd3 Ke7 57.Ke4 Kd6 58.Kf5 Kxd5 59.Kg6 Kxd4 60.Kxg7
Kc4 1-0

[Event "17th Asia-ch (w)"]
[Site "Manila PHI"]
[Date "2013.05.26"]
[Round "9.1"]
[White "Mongontuul, Batchujagijn"]
[Black "Tan Zhongyi"]
[Result "0-1"]
[WhiteElo "2442"]
[BlackElo "2483"]
[EventDate "2013.05.18"]
[PlyCount "44"]

1.e4 g6 2.d4 Bg7 3.Nf3 d6 4.Nc3 Nf6 5.h3 O-O 6.Be3 a6 7.a4 b6 8.Bd3 Bb7 9.
O-O Nc6 10.d5 Nb4 11.Bc4 c6 12.dxc6 Nxc6 13.Nd5 Nxe4 14.Bxb6 Qd7 15.Re1 
Nf6 16.Nc7 Rab8 17.a5 Rfc8 18.Nxa6 Ra8 19.Qe2 Nh5 20.c3 Nf4 21.Bxf7+ Kh8 
22.Qd2 Qf5 0-1

[Event "17th Asia-ch (w)"]
[Site "Manila PHI"]
[Date "2013.05.26"]
[Round "9.2"]
[White "Huang Qian"]
[Black "Aulia, Medina Warda"]
[Result "1-0"]
[WhiteElo "2469"]
[BlackElo "2320"]
[EventDate "2013.05.18"]
[PlyCount "71"]

1.d4 e6 2.c4 Nf6 3.Nf3 b6 4.Nc3 Bb4 5.Bg5 Bxc3+ 6.bxc3 Bb7 7.Nd2 h6 8.Bh4 
d6 9.f3 Nbd7 10.e4 Qe7 11.Be2 e5 12.Nf1 Qe6 13.Ne3 g5 14.Bf2 O-O-O 15.Qc2 
h5 16.O-O-O h4 17.Rhe1 Kb8 18.Bf1 Rdg8 19.h3 Nh5 20.Qa4 Rd8 21.Nf5 Nf4 22.
Rd2 Nf6 23.Qc2 Nd7 24.Red1 Rdg8 25.c5 dxc5 26.dxc5 Nxc5 27.Bxc5 bxc5 28.
Qa4 Ka8 29.Bc4 Bc6 30.Qa6 Bb7 31.Bxe6 Bxa6 32.Bxf7 Rf8 33.Bd5+ Kb8 34.Rb2+
Kc8 35.Be6+ Nxe6 36.Ne7# 1-0

[Event "17th Asia-ch (w)"]
[Site "Manila PHI"]
[Date "2013.05.26"]
[Round "9.4"]
[White "Guo Qi"]
[Black "Sihite, Chelsie Monica"]
[Result "1-0"]
[WhiteElo "2439"]
[BlackElo "2290"]
[EventDate "2013.05.18"]
[PlyCount "179"]

1.d4 Nf6 2.c4 e6 3.Nf3 b6 4.a3 Ba6 5.Qc2 d5 6.cxd5 exd5 7.Nc3 Be7 8.g3 O-O
9.Bg2 c5 10.O-O Nc6 11.Rd1 cxd4 12.Nxd4 Nxd4 13.Rxd4 Qc8 14.Bg5 h6 15.Bxf6
Bxf6 16.Rxd5 Bxc3 17.bxc3 Qe8 18.Rd4 Rc8 19.e3 Rc7 20.Qb3 Qb5 21.Qxb5 Bxb5
22.a4 Bc4 23.a5 Be6 24.axb6 axb6 25.Rb4 Rb8 26.Rc1 g6 27.Bf3 Rbc8 28.Rxb6 
Rxc3 29.Rxc3 Rxc3 30.g4 Rc4 31.h3 Kg7 32.Kg2 g5 33.Kg3 Rc1 34.Rb5 Rg1+ 35.
Kh2 Ra1 36.Rc5 Ra4 37.Rc3 h5 38.Kg3 h4+ 39.Kg2 Kf6 40.Bc6 Ra6 41.Be4 Ra4 
42.Kf3 Rc4 43.Ra3 Rc5 44.Kg2 Rc4 45.Bf3 Rc1 46.Ra5 Rc2 47.Be4 Rd2 48.Bf5 
Bd5+ 49.e4 Bc4 50.e5+ Kg7 51.Be4 Be6 52.Kf3 Ra2 53.Rc5 Ra3+ 54.Kg2 Ra4 55.
Bf5 Bxf5 56.gxf5 Rf4 57.e6 Kf6 58.Re5 Ke7 59.f6+ Rxf6 60.exf7+ Kxf7 61.
Rxg5 Ke6 62.Rg4 Rh6 63.Kf3 Kf5 64.Ra4 Rh8 65.Ra5+ Kf6 66.Kf4 Kg6 67.Kg4 
Kf6 68.Ra6+ Ke5 69.f4+ Ke4 70.Re6+ Kd5 71.f5 Rg8+ 72.Kxh4 Rg1 73.Re8 Kd6 
74.Kh5 Kd7 75.Re3 Kd8 76.f6 Kd7 77.Kh6 Kd6 78.f7 Rf1 79.Kg7 Rg1+ 80.Kf8 
Kd7 81.Re4 Rg3 82.h4 Rg1 83.h5 Rh1 84.Re5 Rh2 85.Kg7 Rg2+ 86.Kf6 Rf2+ 87.
Rf5 Rxf5+ 88.Kxf5 Ke7 89.Kg6 Kf8 90.h6 1-0

[Event "17th Asia-ch (w)"]
[Site "Manila PHI"]
[Date "2013.05.26"]
[Round "9.5"]
[White "Pham Le Thao Nguyen"]
[Black "Wang Jue"]
[Result "0-1"]
[WhiteElo "2399"]
[BlackElo "2401"]
[EventDate "2013.05.18"]
[PlyCount "138"]

1.d4 Nf6 2.c4 g6 3.Nf3 Bg7 4.g3 O-O 5.Bg2 d6 6.O-O Nbd7 7.Nc3 e5 8.b3 Re8 
9.e3 c6 10.Ba3 Qa5 11.Qc1 e4 12.Nd2 d5 13.b4 Qb6 14.b5 Nf8 15.Rb1 Qd8 16.
Qc2 Bf5 17.Qa4 Bd7 18.Qb3 Be6 19.Qa4 Bd7 20.Qb3 Be6 21.Rfc1 Rc8 22.bxc6 
bxc6 23.cxd5 Nxd5 24.Nxd5 cxd5 25.Qa4 Nd7 26.Qa6 Nf6 27.Bf1 Ng4 28.h3 Nxe3
29.fxe3 Qg5 30.Qe2 Bxd4 31.exd4 Qxg3+ 32.Bg2 Qxa3 33.Nb3 Rc4 34.Rd1 Rc3 
35.Qb2 Qxb2 36.Rxb2 Rb8 37.Kh2 f5 38.Rf2 Kf7 39.h4 Ke7 40.Bh3 Rb4 41.Rg1 
a5 42.h5 Bf7 43.Nxa5 Rxd4 44.Rb1 Ra4 45.Rb7+ Kf6 46.Rb6+ Kg5 47.Nc6 e3 48.
Rg2+ Kf4 49.Nd8 Re4 50.Re2 d4 51.Nxf7 d3 52.Re1 e2 53.Rb2 Ke3 54.Ng5 d2 
55.Rxe2+ Kxe2 56.Nxe4 fxe4 57.Bg4+ Ke1 58.hxg6 hxg6 59.Rb1+ Rc1 60.Rb4 e3 
61.Re4 Rc3 62.Kg2 d1=Q 63.Bxd1 Kxd1 64.Rd4+ Ke1 65.a4 e2 66.Rd5 Ra3 67.a5 
Ra1 68.Re5 Kd2 69.Rd5+ Ke3 0-1

[Event "17th Asia-ch (w)"]
[Site "Manila PHI"]
[Date "2013.05.26"]
[Round "9.6"]
[White "Zhai Mo"]
[Black "Soumya, Swaminathan"]
[Result "1-0"]
[WhiteElo "2259"]
[BlackElo "2300"]
[EventDate "2013.05.18"]
[PlyCount "57"]

1.e4 c5 2.Nf3 d6 3.d4 cxd4 4.Nxd4 Nf6 5.Nc3 a6 6.Be3 e6 7.g4 h6 8.Qf3 Nbd7
9.Rg1 Ne5 10.Qh3 d5 11.O-O-O Qc7 12.g5 Nxe4 13.Nxe4 dxe4 14.gxh6 gxh6 15.
Qh4 Be7 16.Qxe4 f5 17.Qg2 Bf6 18.Be2 Bd7 19.f4 Ng4 20.Bxg4 fxg4 21.Qxg4 
O-O-O 22.Nxe6 Qc4 23.Rxd7 Bxb2+ 24.Kb1 Rxd7 25.Nc5 Rd8 26.Nxd7 Qb5 27.a4 
Qb4 28.Bc5 Qc3 29.Rg3 1-0

[Event "17th Asia-ch (w)"]
[Site "Manila PHI"]
[Date "2013.05.26"]
[Round "9.8"]
[White "Frayna, Janelle Mae"]
[Black "Nguyen Thi Thanh An"]
[Result "1-0"]
[WhiteElo "2050"]
[BlackElo "2250"]
[EventDate "2013.05.18"]
[PlyCount "99"]

1.c4 Nf6 2.g3 g6 3.Bg2 Bg7 4.Nc3 O-O 5.e4 d6 6.Nge2 c5 7.d3 Nc6 8.O-O a6 
9.h3 Rb8 10.a4 Ne8 11.Be3 Nc7 12.d4 cxd4 13.Nxd4 Bd7 14.Rb1 Ne6 15.Nde2 
Nc7 16.Bb6 Qc8 17.Nd5 Nxd5 18.cxd5 Ne5 19.Rc1 Qe8 20.b3 g5 21.Nd4 Rc8 22.
Qd2 g4 23.hxg4 Nxg4 24.Rxc8 Bxc8 25.Qe2 Ne5 26.Ba5 Kh8 27.Rc1 Rg8 28.Bc3 
Bf6 29.Nf5 Bxf5 30.exf5 Qf8 31.Bd2 Qg7 32.Rc7 Rb8 33.Be3 Ng4 34.Ba7 Rg8 
35.Bf3 b5 36.axb5 axb5 37.Rb7 Ne5 38.Rxb5 Qg5 39.Qe4 Qc1+ 40.Kg2 Ra8 41.
Be3 Qc8 42.Bh5 Kg7 43.Rb4 Qc3 44.Rb7 Qc8 45.Rb6 Rb8 46.Rxb8 Qxb8 47.b4 Qb5
48.Be2 Qb7 49.g4 h6 50.f3 1-0

[Event "17th Asia-ch (w)"]
[Site "Manila PHI"]
[Date "2013.05.26"]
[Round "9.9"]
[White "Kulkarni, Bhakti Pradip"]
[Black "Lei Tingjie"]
[Result "1-0"]
[WhiteElo "2244"]
[BlackElo "2232"]
[EventDate "2013.05.18"]
[PlyCount "77"]

1.d4 d5 2.c4 c6 3.Nf3 Nf6 4.e3 Bf5 5.Nc3 e6 6.Nh4 Bg6 7.Qb3 Qc7 8.Nxg6 
hxg6 9.g3 Nbd7 10.Bg2 Be7 11.Bd2 Nb6 12.cxd5 exd5 13.Na4 Nc4 14.Bb4 b5 15.
Nc3 a5 16.Bxe7 Qxe7 17.Qc2 Ng4 18.h3 Nh6 19.b3 Nd6 20.Nxd5 Qb7 21.Nb4 O-O 
22.Bxc6 Qe7 23.Bxa8 Rxa8 24.Nd5 Qg5 25.Qc6 Rd8 26.Qc7 Kh7 27.Ne7 Re8 28.
Qxd6 Rxe7 29.O-O Re6 30.Qf4 Qd5 31.Rac1 g5 32.Qc7 Qf3 33.Qc2+ f5 34.Qd1 
Qd5 35.Rc5 Qd6 36.Qf3 f4 37.Rxg5 fxe3 38.fxe3 Qe7 39.Re5 1-0

[Event "17th Asia-ch (w)"]
[Site "Manila PHI"]
[Date "2013.05.26"]
[Round "9.10"]
[White "Wang Doudou"]
[Black "Nguyen Thi Mai Hung"]
[Result "1/2-1/2"]
[WhiteElo "2162"]
[BlackElo "2284"]
[EventDate "2013.05.18"]
[PlyCount "57"]

1.d4 d5 2.c4 e6 3.Nf3 c6 4.Nc3 dxc4 5.a4 Bb4 6.e3 b5 7.Bd2 Qb6 8.axb5 cxb5
9.Ne5 Nf6 10.b3 a5 11.bxc4 Bxc3 12.Bxc3 b4 13.Qa4+ Nfd7 14.Bxb4 f6 15.Bc5 
Qc7 16.Nxd7 Nxd7 17.Be2 Kf7 18.Ba3 Nb6 19.Qc2 Ba6 20.Rc1 Rac8 21.c5 Bxe2 
22.Qxe2 Nd5 23.O-O Rhd8 24.Rfd1 f5 25.Qc4 Qc6 26.Re1 Kg8 27.f3 Rb8 28.Rcd1
f4 29.exf4 1/2-1/2

[Event "17th Asia-ch (w)"]
[Site "Manila PHI"]
[Date "2013.05.26"]
[Round "9.11"]
[White "San Diego, Marie Antoinette"]
[Black "Fronda, Jan Jodilyn"]
[Result "1-0"]
[WhiteElo "1947"]
[BlackElo "2028"]
[EventDate "2013.05.18"]
[PlyCount "61"]

1.d4 Nf6 2.Nf3 c5 3.d5 b5 4.c4 e6 5.Bg5 h6 6.Bxf6 Qxf6 7.Qc2 Bb7 8.e4 Bd6 
9.Nc3 b4 10.Nd1 O-O 11.Bd3 a5 12.O-O a4 13.Ne3 Bf4 14.e5 Qd8 15.g3 Bxe3 
16.fxe3 exd5 17.cxd5 Bxd5 18.Qxc5 Bxf3 19.Rxf3 Nc6 20.Be4 Ra5 21.Qd6 Nxe5 
22.Rf5 Qb8 23.Rd1 Qxd6 24.Rxd6 g6 25.Rf2 Re8 26.Bd5 Re7 27.e4 Ng4 28.Rxg6+
Kf8 29.Rxg4 a3 30.bxa3 bxa3 31.Rgf4 1-0

[Event "17th Asia-ch (w)"]
[Site "Manila PHI"]
[Date "2013.05.26"]
[Round "9.12"]
[White "Nakhbaeva, Guliskhan"]
[Black "Xu Huahua"]
[Result "1-0"]
[WhiteElo "2379"]
[BlackElo "2135"]
[EventDate "2013.05.18"]
[PlyCount "145"]

1.d4 Nf6 2.c4 g6 3.Nc3 Bg7 4.e4 d6 5.h3 O-O 6.Bg5 c5 7.d5 b5 8.cxb5 a6 9.
a4 Qa5 10.Bd2 Qb4 11.Bd3 Nfd7 12.Nf3 c4 13.Bc2 Ne5 14.Nxe5 Bxe5 15.Rb1 Bb7
16.O-O Nd7 17.Kh1 Qc5 18.Be3 Qc7 19.f4 Bg7 20.Bd4 Bxd4 21.Qxd4 axb5 22.
Nxb5 Qc5 23.Qc3 Nb6 24.Ra1 f5 25.Nd4 Qa5 26.Ne6 Rf6 27.b4 cxb3 28.Qxb3 
fxe4 29.Ng5 Bxd5 30.Qg3 Rc8 31.Bxe4 Bxe4 32.Nxe4 Rf5 33.Qh4 Nd5 34.Ng5 Nf6
35.Rfe1 e5 36.fxe5 Rxe5 37.Nf3 Rxe1+ 38.Rxe1 Nh5 39.Qe7 Qc7 40.Qe6+ Kh8 
41.a5 Ng3+ 42.Kg1 Nf5 43.a6 Qa7+ 44.Kh2 Qxa6 45.Qf7 d5 46.Ng5 Qd6+ 47.Kh1 
Ng7 48.Qb7 Qc6 49.Nf7+ Kg8 50.Nh6+ Kh8 51.Qf7 Nh5 52.Ng4 Ng3+ 53.Kg1 Qb6+ 
54.Kh2 Qd6 55.Re8+ Rxe8 56.Qxe8+ Kg7 57.Ne5 Nf1+ 58.Kg1 Qc5+ 59.Kxf1 Qc1+ 
60.Ke2 Qc2+ 61.Kf3 Qe4+ 62.Kf2 Qd4+ 63.Ke2 Qe4+ 64.Kf1 Qb1+ 65.Kf2 Qb6+ 
66.Kf3 Qb3+ 67.Kf4 g5+ 68.Kf5 Qb1+ 69.Kxg5 h6+ 70.Kh4 Qe1+ 71.g3 Qe4+ 72.
g4 Qf4 73.Qg6+ 1-0

[Event "17th Asia-ch (w)"]
[Site "Manila PHI"]
[Date "2013.05.26"]
[Round "9.13"]
[White "Bernales, Christy Lamiel"]
[Black "Le Thanh Tu"]
[Result "0-1"]
[WhiteElo "2016"]
[BlackElo "2341"]
[EventDate "2013.05.18"]
[PlyCount "146"]

1.e4 Nf6 2.e5 Nd5 3.Nc3 Nxc3 4.dxc3 d6 5.Nf3 Bg4 6.Be2 Nd7 7.Ng5 Bxe2 8.e6
f6 9.Qxe2 fxg5 10.Qb5 c6 11.exd7+ Qxd7 12.Qxg5 e6 13.Be3 Qf7 14.O-O-O Be7 
15.Qg3 O-O 16.h4 a5 17.Bg5 e5 18.Kb1 Rae8 19.f3 Qg6 20.Qh3 d5 21.Bxe7 Rxe7
22.Rhe1 Qh5 23.Re3 Rfe8 24.Rde1 b5 25.g4 Qf7 26.Qg3 Qf6 27.a3 Re6 28.Qh2 
R6e7 29.Qg3 Qd6 30.g5 c5 31.h5 b4 32.cxb4 axb4 33.g6 h6 34.Qg4 d4 35.Rb3 
bxa3 36.Rxa3 c4 37.Qe4 c3 38.Ra5 Qb6 39.Qd5+ Kh8 40.Rb5 Qf6 41.bxc3 dxc3 
42.Qd3 Qh4 43.Qxc3 Qxh5 44.Rb6 Qf5 45.Qc6 Rc8 46.Rd1 Ree8 47.Qe4 Qg5 48.
Rb7 Rb8 49.Rd7 Qg1+ 50.Kb2 Ra8 51.Kc3 Rec8+ 52.Rbc7 Qa1+ 53.Kd3 Rxc7 54.
Rxc7 Rd8+ 55.Kc4 Rd4+ 56.Kb5 Qa4+ 57.Kb6 Rb4+ 58.Qxb4 Qxb4+ 59.Ka7 Qa5+ 
60.Kb7 Qb5+ 61.Ka7 Qe8 62.c4 Qxg6 63.c5 Qg1 64.Kb7 Qb1+ 65.Ka7 Qa2+ 66.Kb8
Qb3+ 67.Ka7 Qxf3 68.c6 Qa3+ 69.Kb7 Qb4+ 70.Ka7 e4 71.Rc8+ Kh7 72.c7 Qc5+ 
73.Kb8 e3 0-1

[Event "17th Asia-ch (w)"]
[Site "Manila PHI"]
[Date "2013.05.26"]
[Round "9.14"]
[White "Anggraeni, Nadia"]
[Black "Hoang Thi Nhu Y"]
[Result "1-0"]
[WhiteElo "1854"]
[BlackElo "2222"]
[EventDate "2013.05.18"]
[PlyCount "89"]

1.e4 c6 2.d4 d5 3.Nc3 g6 4.h3 dxe4 5.Nxe4 Bg7 6.Nf3 Nd7 7.Bc4 Ngf6 8.Nxf6+
Nxf6 9.O-O O-O 10.Re1 Nd5 11.c3 h6 12.Qe2 e6 13.Ne5 Bd7 14.Bd2 Rc8 15.Rad1
Qe7 16.Bb3 b5 17.Qf3 Nf6 18.Nd3 a5 19.a3 Kh7 20.Bf4 Be8 21.Nc5 Nd7 22.Ne4 
Rg8 23.Nd6 Nb6 24.Nxc8 Nxc8 25.Be5 Nb6 26.Bxg7 Kxg7 27.Qf4 a4 28.Ba2 Bd7 
29.Qc7 Qd8 30.Qd6 Qb8 31.Qc5 Qb7 32.Qe5+ Kh7 33.Qf6 Bc8 34.Rd3 Re8 35.h4 
Qe7 36.Qf4 Bb7 37.Rf3 Kg7 38.Qe5+ Kg8 39.h5 g5 40.Rg3 Nd7 41.Qe2 Qd6 42.
Qe3 Kf8 43.Qd3 Nf6 44.Rf3 Qe7 45.Rxe6 1-0

[Event "17th Asia-ch (w)"]
[Site "Manila PHI"]
[Date "2013.05.26"]
[Round "9.15"]
[White "Citra, Dewi Andhiani Anastasia"]
[Black "Karenza, Dita"]
[Result "1/2-1/2"]
[WhiteElo "2155"]
[BlackElo "1821"]
[EventDate "2013.05.18"]
[PlyCount "72"]

1.Nf3 Nf6 2.g3 g6 3.Bg2 Bg7 4.O-O O-O 5.d4 d5 6.b3 c6 7.Bb2 a5 8.a4 Bf5 9.
Nbd2 Ne4 10.Nh4 Nd6 11.Nxf5 Nxf5 12.Nf3 Nd7 13.Rb1 Nf6 14.Ne5 Nd7 15.Nxd7 
Qxd7 16.Qd3 Rfe8 17.Rfe1 Rad8 18.Bh3 e6 19.Bg2 e5 20.dxe5 Bxe5 21.Bxe5 
Rxe5 22.Rbd1 Qe7 23.Bf3 Re8 24.Rf1 Nd6 25.Qd2 Ne4 26.Bxe4 Rxe4 27.e3 b6 
28.Qc3 Qe6 29.Kg2 f6 30.Rd4 Rxd4 31.Qxd4 Qe4+ 32.Qxe4 Rxe4 33.Rd1 Kf7 34.
Kf3 Ke6 35.Ke2 h5 36.f3 Re5 1/2-1/2

[Event "17th Asia-ch (w)"]
[Site "Manila PHI"]
[Date "2013.05.26"]
[Round "9.16"]
[White "Hoang Thi Bao Tram"]
[Black "Bayar Anu"]
[Result "1-0"]
[WhiteElo "2310"]
[BlackElo "2003"]
[EventDate "2013.05.18"]
[PlyCount "69"]

1.d4 Nf6 2.Bg5 Ne4 3.Bh4 g5 4.f3 gxh4 5.fxe4 c5 6.e3 d5 7.exd5 Qxd5 8.Nc3 
Qg5 9.Qd3 cxd4 10.exd4 Bh6 11.Nf3 Qf5 12.Nxh4 Qxd3 13.Bxd3 Nc6 14.Ne2 Bg4 
15.c3 Bg5 16.Nf5 e6 17.Nfg3 Bh4 18.O-O Ne7 19.Ne4 Rd8 20.g3 Rg8 21.Nf4 Bf5
22.Rae1 Ng6 23.Ng2 Be7 24.Rxf5 exf5 25.Nf6+ Kf8 26.Nxg8 Kxg8 27.Bxf5 Bf6 
28.Ne3 Ne7 29.Be4 Nc6 30.Kf2 Rd7 31.Ng4 Bg7 32.Bxc6 bxc6 33.Re8+ Bf8 34.
Nf6+ Kg7 35.Nxd7 1-0

[Event "17th Asia-ch (w)"]
[Site "Manila PHI"]
[Date "2013.05.26"]
[Round "9.17"]
[White "Uuganbayar, Lkhamsuren"]
[Black "Jelsen Yemi"]
[Result "0-1"]
[WhiteElo "2137"]
[BlackElo "1997"]
[EventDate "2013.05.18"]
[PlyCount "94"]

1.e4 c5 2.Nf3 d6 3.d4 cxd4 4.Nxd4 Nf6 5.Nc3 a6 6.h3 e5 7.Nde2 h5 8.Bg5 Be6
9.Bxf6 Qxf6 10.Nd5 Qd8 11.Nec3 g6 12.a4 Nc6 13.Bd3 Bh6 14.O-O O-O 15.b4 
Nd4 16.a5 Qg5 17.Kh2 Qh4 18.Ra3 Kh8 19.b5 axb5 20.Nxb5 Nxb5 21.Bxb5 Qxe4 
22.Nc7 Rad8 23.Bd3 Qf4+ 24.g3 Qf6 25.Qb1 Bc8 26.Be4 Qe7 27.Qb6 d5 28.Rc3 
dxe4 29.Nb5 Qe6 30.Qxe6 Bxe6 31.Rc7 Ra8 32.Ra1 Bd5 33.Nd6 Ra6 34.Nxb7 Bxb7
35.Rxb7 Bd2 36.Rb5 Rfa8 37.Rd1 Bc3 38.Rb7 Kg7 39.Kg2 Rf6 40.Rb3 Bd4 41.Rd2
Rxa5 42.c3 Bc5 43.Re2 Rf3 44.Rc2 Bd4 45.Re2 Rxc3 46.Rxc3 Bxc3 47.Rxe4 Ra2 
0-1

[Event "17th Asia-ch (w)"]
[Site "Manila PHI"]
[Date "2013.05.26"]
[Round "9.18"]
[White "Qiu Mengjie"]
[Black "Docena, Jedara"]
[Result "0-1"]
[WhiteElo "2122"]
[BlackElo "2019"]
[EventDate "2013.05.18"]
[PlyCount "108"]

1.e4 c5 2.Nf3 Nc6 3.Nc3 Nf6 4.d4 cxd4 5.Nxd4 d6 6.Bg5 Qb6 7.Nb3 e6 8.Qd2 
Be7 9.O-O-O O-O 10.Be3 Qd8 11.f3 a6 12.g4 b5 13.g5 Ne8 14.f4 Bb7 15.Rg1 
Na5 16.f5 Nc4 17.Bxc4 bxc4 18.Nd4 e5 19.Nde2 Kh8 20.g6 fxg6 21.fxg6 Nf6 
22.gxh7 Nxe4 23.Nxe4 Bxe4 24.Nc3 Bf3 25.Rdf1 d5 26.Rg3 d4 27.Bh6 Bf6 28.
Rgxf3 dxc3 29.Qxc3 Qe7 30.Be3 e4 31.Rxf6 Rxf6 32.Rg1 Rf3 33.Qd4 Rd8 34.Qb6
Qf6 35.Re1 Kxh7 36.Qc5 Rf1 37.Qh5+ Kg8 38.Qe2 Rxe1+ 39.Qxe1 Rb8 40.c3 Rd8 
41.Bd4 Qf4+ 42.Qd2 Qf1+ 43.Qd1 Qxd1+ 44.Kxd1 Kf7 45.Ke2 Rb8 46.b4 cxb3 47.
axb3 Rxb3 48.Ke3 a5 49.Kxe4 a4 50.c4 a3 51.Ke5 a2 52.c5 Rb1 53.c6 a1=Q 54.
Bxa1 Rxa1 0-1

[Event "17th Asia-ch (w)"]
[Site "Manila PHI"]
[Date "2013.05.26"]
[Round "9.19"]
[White "Mendoza, Shania Mae"]
[Black "Romero, Gladys Hazelle"]
[Result "1/2-1/2"]
[WhiteElo "1847"]
[BlackElo "1927"]
[EventDate "2013.05.18"]
[PlyCount "66"]

1.e4 c5 2.Nf3 Nc6 3.d4 cxd4 4.Nxd4 g6 5.c4 Nf6 6.Nc3 d6 7.Be2 Nxd4 8.Qxd4 
Bg7 9.Be3 O-O 10.Qd2 Be6 11.f3 a6 12.O-O Rc8 13.Nd5 Nxd5 14.cxd5 Bd7 15.
Rac1 Rxc1 16.Rxc1 Qb8 17.Bd4 Bxd4+ 18.Qxd4 Rc8 19.Rc3 Rxc3 20.Qxc3 Qc8 21.
Qxc8+ Bxc8 22.Kf2 Kf8 23.Ke3 Ke8 24.g3 Kd8 25.f4 Kc7 26.Kd4 Bd7 27.h4 Kb6 
28.h5 gxh5 29.Bxh5 f6 30.Be2 Bb5 31.Bd1 Bd7 32.Be2 Bb5 33.Bd1 Bd7 1/2-1/2

[Event "17th Asia-ch (w)"]
[Site "Manila PHI"]
[Date "2013.05.26"]
[Round "9.20"]
[White "Sultana, Sharmin Shirin"]
[Black "Galas, Bernadette"]
[Result "0-1"]
[WhiteElo "2005"]
[BlackElo "2045"]
[EventDate "2013.05.18"]
[PlyCount "88"]

1.d4 d5 2.c4 dxc4 3.e3 e6 4.Nf3 Nf6 5.Bxc4 a6 6.O-O c5 7.Qe2 b5 8.Bb3 Bb7 
9.Rd1 Nbd7 10.Nc3 Qb6 11.d5 c4 12.Bc2 Nxd5 13.Nxd5 Bxd5 14.e4 Bc6 15.Bf4 
Rd8 16.Ne5 Nxe5 17.Bxe5 f6 18.Bg3 Be7 19.Qh5+ g6 20.Qg4 Bd7 21.e5 f5 22.
Qe2 O-O 23.Bf4 Bc6 24.Kh1 Rxd1+ 25.Rxd1 Rd8 26.Be3 Qc7 27.Bd4 Bg5 28.f3 
Bd5 29.Qf2 Rc8 30.a3 Be7 31.Qg3 a5 32.Be3 Qb7 33.Bd4 b4 34.a4 b3 35.Bb1 
Qc6 36.Bc3 Bb4 37.f4 Bxc3 38.bxc3 Rd8 39.Re1 Qxa4 40.h4 Qd7 41.h5 Qf7 42.
Qh4 Re8 43.Re3 gxh5 44.Rh3 Kh8 0-1